000
00308nam a22001337a 4500
008
171226b xxu||||| |||| 00| 0 eng d
020
_a
9780838515242
041
_a
eng
080
_a
610
100
_a
3
101
_a
SHM
245
_a
Current Medical Diagnosis & Treatment
_c
Tierney, L.M
942
_2
udc
_c
BK
999
_c
39388
_d
39388